[Event "AUTO-BEG-449"]
[Site "http://www.queenalice.com/game.php?id=877926"]
[Date "2010.12.28"]
[Round "1"]
[White "estella"]
[Black "prosanes"]
[Result "1/2-1/2"]
[WhiteElo "964"]
[BlackElo "1079"]

1. d4 d5 2. c3 Bf5 3. Nd2 e6 4. Qa4+ c6 5. Ndf3 f6 6. Bf4 g5 7. Nxg5 fxg5 8. Be5
Nf6 9. Nf3 Bd6 10. Nxg5 Bxe5 11. dxe5 Ne4 12. Nxe6 Bxe6 13. f3 b5 14. Qb4 Qe7
15. Qxe7+ Kxe7 16. fxe4 dxe4 17. e3 Nd7 18. b3 Nxe5 19. c4 Nd3+ 20. Ke2 Bg4+ 21.
Kd2 Rad8 22. cxb5 Nf2+ 23. Kc3 Nxh1 24. bxc6 Rc8 25. Ba6 Rxc6+ 26. Bc4 Nf2 27.
Rf1 Nd3 28. h3 Be2 29. Rf7+ Ke8 30. Kc2 Rxc4+ 31. Kd2 Kxf7 32. Kxe2 Rf8 33. bxc4
Rc8 34. Kd1 Rxc4 35. g4 Ra4 36. g5 Rxa2 37. g6+ Kxg6 38. h4 a6 39. h5+ Kxh5
1/2-1/2

[Event "AUTO-BEG-449"]
[Site "http://www.queenalice.com/game.php?id=877927"]
[Date "2010.12.28"]
[Round "1"]
[White "prosanes"]
[Black "estella"]
[Result "1-0"]
[WhiteElo "1068"]
[BlackElo "936"]

1. e4 e6 2. e5 Nc6 3. f4 d5 4. d4 Bb4+ 5. c3 Ba5 6. Qa4 Nh6 7. b4 Nf5 8. bxa5 b5
9. Bxb5 O-O 10. Bxc6 Rb8 11. Ba3 Nh4 12. Bxf8 Qxf8 13. Nd2 Nxg2+ 14. Kf2 Qd8 15.
Kxg2 Rb2 16. Nf3 Rb8 17. Rhb1 Ba6 18. Rb3 f6 19. Rab1 Bc4 20. Rxb8 Qxb8 21.
Rxb8+ Kf7 22. Be8+ Ke7 23. Qd7+ Kf8 24. Bh5# 1-0

[Event "AUTO-BEG-449"]
[Site "http://www.queenalice.com/game.php?id=877938"]
[Date "2010.12.28"]
[Round "1"]
[White "gabriellima"]
[Black "prosanes"]
[Result "1-0"]
[WhiteElo "1236"]
[BlackElo "1173"]

1. e4 e5 2. Nf3 Nc6 3. Bc4 Bc5 4. Nxe5 Nxe5 5. Bb3 Qf6 6. d4 Bxd4 7. Qxd4 Nf3+
8. gxf3 Qxd4 9. c3 Qd3 10. Na3 Qxf3 11. O-O Qxe4 12. Nc4 d5 13. Nd2 Qe5 14. Nf3
Qh5 15. Bd1 Qg6+ 16. Kh1 Bf5 17. Nh4 Qa6 18. Kg1 Bh3 19. Re1+ Kd8 20. Bg5+ f6
21. Be2 Qa4 22. Bf1 Qg4+ 23. Ng2 Qxg5 24. f4 Qg6 25. Re3 Bxg2 26. Bxg2 Nh6 27.
Rd1 c6 28. c4 Qc2 29. Ree1 Qxc4 30. Rf1 Re8 31. Bf3 Qxf4 32. b3 Re5 33. Bh1 Qg4+
34. Kf2 1-0

[Event "AUTO-BEG-449"]
[Site "http://www.queenalice.com/game.php?id=877939"]
[Date "2010.12.28"]
[Round "1"]
[White "prosanes"]
[Black "gabriellima"]
[Result "1-0"]
[WhiteElo "1161"]
[BlackElo "1272"]

1. e4 e5 2. Bc4 Nf6 3. d3 Ng4 4. Qxg4 d6 5. Qf3 Be6 6. Nh3 Be7 7. O-O g5 8. Bxg5
Bxg5 9. Nxg5 Qxg5 10. Qg3 Qg6 11. Nc3 h5 12. h4 Rg8 13. Qf3 f5 14. Nd5 Bxd5 15.
Bxd5 fxe4 16. Qxe4 Nd7 17. Bxg8 Qxg8 18. Qxb7 Rb8 19. Qxc7 Rb4 20. Qc8+ Kf7 21.
Qxd7+ Kf6 22. Qxd6+ Kf5 23. Qxb4 Qe6 24. Rae1 Qf6 25. Qe4+ 1-0

[Event "AUTO-BEG-449"]
[Site "http://www.queenalice.com/game.php?id=877946"]
[Date "2010.12.28"]
[Round "1"]
[White "prosanes"]
[Black "CaioPoeta"]
[Result "0-1"]
[WhiteElo "1117"]
[BlackElo "1481"]

1. e4 c5 2. e5 Nc6 3. f4 e6 4. g3 d6 5. Bb5 a6 6. Bxc6+ bxc6 7. d4 dxe5 8. dxe5
Qxd1+ 9. Kxd1 Nh6 10. c4 Nf5 11. Nf3 Nd4 12. Nxd4 cxd4 13. b3 Bb7 14. Rf1 Be7
15. f5 exf5 16. Rxf5 O-O 17. Bb2 c5 18. b4 cxb4 19. Bxd4 Rfd8 20. Rf4 Bg5 21.
Rg4 Bf3+ 22. Ke1 Bxg4 23. Bg1 Rd1+ 24. Kf2 Rad8 25. Kg2 Bf5 26. g4 Bxb1 27. h4
Be4+ 28. Kh3 R8d3+ 29. Kh2 Bf4# 0-1

[Event "AUTO-BEG-449"]
[Site "http://www.queenalice.com/game.php?id=877947"]
[Date "2010.12.28"]
[Round "1"]
[White "CaioPoeta"]
[Black "prosanes"]
[Result "1-0"]
[WhiteElo "1445"]
[BlackElo "1131"]

1. d4 d5 2. c4 dxc4 3. e3 b5 4. a4 c6 5. axb5 cxb5 6. Qf3 Qc7 7. Qxa8 Qb7 8.
Rxa7 Qxa8 9. Rxa8 Nc6 10. Rxc8+ Nd8 11. b3 Kd7 12. Rc5 e6 13. Rxb5 cxb3 14. Rxb3
Nf6 15. Bb5+ Kc7 16. Nf3 Bd6 17. Ba3 Nb7 18. O-O Na5 19. Bxd6+ Kxd6 20. Ra3 Nc6
21. Ra6 Rc8 22. Rc1 e5 23. Nxe5 g5 24. Rcxc6+ Rxc6 25. Rxc6+ 1-0

[Event "AUTO-BEG-452"]
[Site "http://www.queenalice.com/game.php?id=882824"]
[Date "2011.1.7"]
[Round "1"]
[White "Newton"]
[Black "prosanes"]
[Result "1-0"]
[WhiteElo "1342"]
[BlackElo "1122"]

1. e4 d6 2. d4 e5 3. dxe5 dxe5 4. Qxd8+ Kxd8 5. Nf3 Nc6 6. Bb5 a6 7. Bxc6 bxc6
8. Nxe5 Be6 9. Nxc6+ Kd7 10. Ne5+ Ke7 11. Nc3 f6 12. Nc6+ Kd7 13. Nd4 Bd6 14.
Nxe6 Kxe6 15. Be3 Ne7 16. O-O-O Rhd8 17. f4 f5 18. e5 Nd5 19. Nxd5 Bf8 20. Nxc7+
Kf7 21. Nxa8 1-0

[Event "AUTO-BEG-452"]
[Site "http://www.queenalice.com/game.php?id=882825"]
[Date "2011.1.7"]
[Round "1"]
[White "prosanes"]
[Black "Newton"]
[Result "0-1"]
[WhiteElo "1130"]
[BlackElo "1320"]

1. e4 e5 2. Qh5 Nc6 3. Bc4 g6 4. Qf3 Nf6 5. d3 Nd4 6. Qd1 c6 7. c3 d5 8. exd5
cxd5 9. Bxd5 Qxd5 10. cxd4 Qxg2 11. Qf3 Qxf3 12. Nxf3 exd4 13. Nxd4 Bg7 14. O-O
O-O 15. Re1 Nd5 16. Re4 f5 17. Rh4 Bf6 18. Ne6 Bxh4 19. Nxf8 Kxf8 20. Nc3 Nxc3
21. bxc3 Bf6 0-1

[Event "AUTO-BEG-452"]
[Site "http://www.queenalice.com/game.php?id=882840"]
[Date "2011.1.7"]
[Round "1"]
[White "estella"]
[Black "prosanes"]
[Result "0-1"]
[WhiteElo "1013"]
[BlackElo "1124"]

1. e4 e5 2. Nf3 Nc6 3. d3 Bc5 4. Be3 d6 5. Nc3 Nf6 6. Nd5 Nd4 7. Ng5 O-O 8. Be2
Nxe2 9. Qxe2 h6 10. O-O hxg5 11. Bxg5 Bg4 12. Qd2 c6 13. Nxf6+ gxf6 14. Bxf6
Qxf6 15. b4 Bd4 16. h3 Kg7 17. hxg4 Qh4 18. c3 Rh8 19. cxd4 Qh1# 0-1

[Event "AUTO-BEG-452"]
[Site "http://www.queenalice.com/game.php?id=882841"]
[Date "2011.1.7"]
[Round "1"]
[White "prosanes"]
[Black "estella"]
[Result "1-0"]
[WhiteElo "1137"]
[BlackElo "995"]

1. e4 e5 2. Qh5 Nf6 3. Qxe5+ Be7 4. Bc4 Nc6 5. Qf4 Nd4 6. Na3 d6 7. c3 O-O 8.
cxd4 Be6 9. d5 Qd7 10. dxe6 fxe6 11. e5 dxe5 12. Qxe5 Bb4 13. Bxe6+ Qxe6 14.
Qxe6+ Kh8 15. Qc4 Rfd8 16. Qxb4 c5 17. Qxb7 Rab8 18. Qxa7 Ne4 19. d3 Ng5 20.
Bxg5 Rxb2 21. Bxd8 h5 22. Rc1 Rxa2 23. Rxc5 Ra1+ 24. Ke2 Rxa3 25. Qxa3 1-0

[Event "AUTO-BEG-452"]
[Site "http://www.queenalice.com/game.php?id=882852"]
[Date "2011.1.7"]
[Round "1"]
[White "prosanes"]
[Black "thedocwat"]
[Result "0-1"]
[WhiteElo "1134"]
[BlackElo "1312"]

1. e4 e5 2. Qh5 Nf6 3. Qxe5+ Qe7 4. Qxc7 Qxe4+ 5. Kd1 Na6 6. Bxa6 bxa6 7. f3 Qd4
8. Ne2 Qf2 9. Qg3 Qxg3 10. Nxg3 Bc5 11. c3 O-O 12. d4 Bd6 13. Ne4 Nxe4 14. fxe4
Bb7 15. e5 Bxg2 16. Rg1 Bf3+ 17. Ke1 Bc7 18. Bg5 Rae8 19. Nd2 Bd5 20. c4 Be6 21.
d5 Bh3 22. d6 Rxe5+ 23. Kf2 Rf5+ 24. Ke2 Re8+ 25. Kd3 Bxd6 26. Rge1 Rfe5 27. Bh4
Bf5+ 28. Kc3 Re3+ 29. Rxe3 Rxe3+ 30. Kd4 Rd3# 0-1

[Event "AUTO-BEG-452"]
[Site "http://www.queenalice.com/game.php?id=882853"]
[Date "2011.1.7"]
[Round "1"]
[White "thedocwat"]
[Black "prosanes"]
[Result "1-0"]
[WhiteElo "1317"]
[BlackElo "1115"]

1. e4 e5 2. Nf3 Nc6 3. Nc3 Bc5 4. Bc4 Nf6 5. O-O d6 6. d3 O-O 7. Be3 Ng4 8. a3
a5 9. b4 Bd4 10. Nxd4 exd4 11. bxa5 dxe3 12. Qf3 Rxa5 13. fxe3 Rh5 14. Bxf7+ Kh8
15. Bxh5 Rxf3 16. Rxf3 Nge5 17. Rf2 Bg4 18. Raf1 Ng6 19. Bxg6 hxg6 20. Rf8+ Kh7
21. Rxd8 Nxd8 22. Nd5 Ne6 23. h3 Be2 24. Rf7 c6 25. Nf4 Nc5 26. Nxe2 1-0

[Event "AUTO-BEG-458"]
[Site "http://www.queenalice.com/game.php?id=891325"]
[Date "2011.1.26"]
[Round "1"]
[White "estella"]
[Black "prosanes"]
[Result "1-0"]
[WhiteElo "1342"]
[BlackElo "1183"]

1. e4 e5 2. d3 Bc5 3. Nc3 Nf6 4. Be3 d6 5. Nf3 O-O 6. Be2 Ng4 7. Bg5 Bxf2+ 8.
Kd2 f6 9. Bh4 Bb6 10. h3 Ne3 11. Qe1 Nxg2 12. Qg3 Be3+ 13. Kd1 Nxh4 14. Nxh4 Bh6
15. Nf5 c5 16. Nxh6+ 1-0

[Event "AUTO-BEG-458"]
[Site "http://www.queenalice.com/game.php?id=891339"]
[Date "2011.1.26"]
[Round "1"]
[White "robby"]
[Black "prosanes"]
[Result "1-0"]
[WhiteElo "802"]
[BlackElo "1160"]

1. e4 Nc6 2. d3 e5 3. Nf3 d6 4. Nc3 Nd4 5. Be3 c5 6. Nd5 Nf6 7. c3 Nxd5 8. exd5
Qa5 9. b4 Qa3 10. cxd4 cxd4 11. Bc1 Qxb4+ 12. Bd2 Qc5 13. Rc1 Qxd5 14. Be2 Be7
15. Bg5 f6 16. Bh4 1-0

[Event "AUTO-BEG-458"]
[Site "http://www.queenalice.com/game.php?id=891340"]
[Date "2011.1.26"]
[Round "1"]
[White "prosanes"]
[Black "robby"]
[Result "1-0"]
[WhiteElo "1181"]
[BlackElo "741"]

1. e4 e5 2. Qh5 Nf6 3. Qxe5+ Be7 4. Bc4 O-O 5. d3 Nc6 6. Qg3 Nd4 7. Bb3 Bd6 8.
e5 Qe7 9. Bh6 Qxe5+ 10. Ne2 Nxe2 11. Qxg7# 1-0

[Event "AUTO-BEG-458"]
[Site "http://www.queenalice.com/game.php?id=891349"]
[Date "2011.1.26"]
[Round "1"]
[White "prosanes"]
[Black "Flechaligeira"]
[Result "0-1"]
[WhiteElo "1103"]
[BlackElo "1794"]

1. e4 c5 2. d3 Nc6 3. Qh5 d6 4. Nc3 Nf6 5. Qe2 e6 6. Be3 Be7 7. g4 Nd4 8. Bxd4
cxd4 9. Na4 Qa5+ 10. Qd2 Qxa4 11. b3 Qc6 12. c4 Nxe4 13. Qf4 Nc3 14. Qxd4 Bf6
15. Qe3 Qxh1 16. Qg3 Qc6 0-1

[Event "AUTO-BEG-458"]
[Site "http://www.queenalice.com/game.php?id=891350"]
[Date "2011.1.26"]
[Round "1"]
[White "Flechaligeira"]
[Black "prosanes"]
[Result "1-0"]
[WhiteElo "941"]
[BlackElo "1183"]

1. d4 d5 2. c4 dxc4 3. Nf3 b5 4. a4 b4 5. a5 b3 6. e4 c6 7. Bxc4 e6 8. Qxb3 Ba6
9. O-O Qb6 10. axb6 axb6 11. Bxa6 Nxa6 12. Qxb6 Be7 13. Qxc6+ Kf8 14. Qxa8+ 1-0